Tarihin ve medeniyetin beşiği çarşılar (Record no. 4378)

MARC details
000 -BAŞLIK
Sabit Uzunlukta Kontrol Alanı 00872na a2200277 4500
001 - KONTROL NUMARASI
Denetim Alanı 16679
003 - KONTROL NUMARASI IDENTIFIER
Denetim Alanı MIRAKIL
005 - SON İŞLEM TARİHİ VE ZAMANI
Denetim Alanı 20181213155003.0
008 - SABİT-BOY VERİ ELEMANLARI - GENEL BİLGİLER
Sabit Uzunlukta Kontrol Alanı 161012b tu 000 0
020 ## - ULUSLARARASI STANDART KİTAP NUMARASI
Uluslararası Standart Kitap Numarası 9786051370002
035 ## - SİSTEM KONTROL NUMARASI
Sistem Kontrol Numarası 16679
040 ## - KATALOGLAMA KAYNAK
Orijinal Kataloglama Ajansı Milas
Kataloglama Dili tur
Metne Dönüştürmek Ajansı TR-AnCHP
041 ## - DİL KODU
Metin / Ses Parça Veya Ayrı Başlığın Dil Kodu tur
082 ## - DEWEY ONLU SINIFLANDIRMA NUMARASI
Sınıflandırma Numarası 725.2
Ürün Numarası Ö97t 2011
090 ## - SINIFLAMA NUMARASI
Sınıflama Numarası 725.2 Ö97t 2011
100 ## - ANA GİRİŞ - KİŞİSEL İSİM
Kişisel Ad Öztürk, Hüseyin
245 ## - BAŞLIK TABLOSU
Başlık Tarihin ve medeniyetin beşiği çarşılar
Sorumluluk Tablosu, Vb Hüseyin Öztürk
260 ## - YAYIN, DAĞITIM, VB
Yayın, Dağıtım, Vb Yeri İstanbul
Yayıncı, Dağıtıcı, Vs Adı İstanbul Ticaret Odası
Yayın, Dağıtım, Vb Tarihi 2011
300 ## - FİZİKSEL TANIM
Kapsam 319 s.
Diğer Fiziksel Ayrıntıları fotg.
Boyutlar 28 sm.
440 ## - SERİSİ TABLOSU / KATMA GİRİŞİ - BAŞLIK
Başlık Ekonomik ve Sosyal Tarih Yayınları
Hacim / Ardışık Tanımı 2010-65
650 ## - KONU KATMA GİRİŞ - TOPİKAL DÖNEM
Topikal Süreli Veya Coğrafi Ad Giriş Elemanı Tarihi yapılar
Genel Alt Bölümü Pazar yerleri
Coğrafi Alt Bölümü Türkiye
650 ## - KONU KATMA GİRİŞ - TOPİKAL DÖNEM
Topikal Süreli Veya Coğrafi Ad Giriş Elemanı Çarşılar
Genel Alt Bölümü Tarih
Kronolojik Alt Bölümü Kılavuzlar
Coğrafi Alt Bölümü Türkiye
651 ## - KONU KATMA GİRİŞ - COĞRAFİ ADI
Coğrafi İsim Türkiye
Genel Alt Bölümü Gezi ve tanıtım
Kronolojik Alt Bölümü Çarşılar
651 ## - KONU KATMA GİRİŞ - COĞRAFİ ADI
Coğrafi İsim Türkiye
Genel Alt Bölümü Sosyal yaşam ve gelenekler
942 ## - EKLENDİ GİRİŞ ELEMANLARI (KOHA)
Sınıflandırma Veya Raf Düzeni Kaynak Dewey Decimal Classification
Koha Öğesi Türü Books
999 ## - SİSTEM KONTROL NUMARALARI (KOHA)
Koha Biblionumber 4378
Koha Biblioitemnumber 4378
Holdings
Kalıcı Konum Mevcut Konum Edinme Tarihi Edinim Kaynak Toplam Check-Out'Lar Tam Çağrı Numarası Barkod Tarih Son Görülme İtibaren Geçerli Fiyatlar Koha Öğesi Türü
CHP Kütüphanesi CHP Kütüphanesi 10/09/2016 Bağış   725.2 Ö97t 2011 006820 10/09/2016 10/09/2016 Books